Catálogo
 En Linea

Cómo hacer presupuesto participativo : (Registro nro. 43623)

Detalles MARC
000 -CABECERA
campo de control de longitud fija 00997nam a2200205 u 4500
001 - NÚMERO DE CONTROL
campo de control 000044134
005 - FECHA Y HORA DE LA ÚLTIMA TRANSACCIÓN
campo de control 20201002045153.0
008 - DATOS DE LONGITUD FIJA--INFORMACIÓN GENERAL
campo de control de longitud fija 090630s2004 dr acd r 000 0 spa d
040 ## - FUENTE DE LA CATALOGACIÓN
Centro catalogador/agencia de origen DO-SdBNP
Lengua de catalogación spa
Centro/agencia transcriptor BNPHU
082 ## - NÚMERO DE LA CLASIFICACIÓN DECIMAL DEWEY
Número de clasificación 352.48
Número de documento/Ítem C735h,
245 00 - MENCIÓN DE TÍTULO
Título Cómo hacer presupuesto participativo :
Resto del título guía y herramientas.
260 ## - PUBLICACIÓN, DISTRIBUCIÓN, ETC.
Lugar de publicación, distribución, etc. Santo Domingo :
Nombre del editor, distribuidor, etc. Coalición por Democracia Participativa, Transparencia Municipal y Buen Gobierno Local,
Fecha de publicación, distribución, etc. 2004.
300 ## - DESCRIPCIÓN FÍSICA
Extensión 115 p. :
Otras características físicas il., gráfcs., retrs. ;
Dimensiones 23 cm.
500 ## - NOTA GENERAL
Nota general Publicación auspiciada por CONARE, ONFED, FEDOMU y PARME, en el marco de la Coalición por la Democracia Participativa, Transparencia Municipal y Buen Gobierno Local
500 ## - NOTA GENERAL
Nota general Plataforma de la coalición por democracia participativa, transparencia municipal y buen gobierno local
590 ## - NOTA LOCAL (RLIN)
Nota local Inventariado, 2018/BT
650 #4 - PUNTO DE ACCESO ADICIONAL DE MATERIA--TÉRMINO DE MATERIA
Término de materia o nombre geográfico como elemento de entrada Presupuesto
Subdivisión de forma GUÍAS
9 (RLIN) 72139
650 #4 - PUNTO DE ACCESO ADICIONAL DE MATERIA--TÉRMINO DE MATERIA
Término de materia o nombre geográfico como elemento de entrada Gastos públicos
Subdivisión geográfica República Dominicana
Subdivisión de forma GUÍAS
9 (RLIN) 72140
910 ## - DATOS DE OPCIÓN DEL USUARIO (OCLC)
Datos de opción del usuario Validado. Control de calidad. MFF
Existencias
Estado de retiro Estado de pérdida No para préstamo Código de colección Localización permanente Ubicación/localización actual Ubicación en estantería Fecha de adquisición Número de inventario Total de préstamos Signatura topográfica completa Código de barras Fecha visto por última vez Precio válido a partir de Tipo de ítem Koha Número de copia
    Excluido de préstamo Patrimonio Dominicano Patrimonio Dominicano Patrimonio Dominicano Depósito 19.05.2014 LF1   352.48 C735h, 44134-10 25.06.2020 25.06.2020 Libro y Folleto Colección Patrimonio Dominicano  
    Excluido de préstamo Patrimonio Dominicano Patrimonio Dominicano Patrimonio Dominicano Depósito 19.05.2014 LF1   352.48 C735h, 44134-20 25.06.2020 25.06.2020 Libro y Folleto Colección Patrimonio Dominicano e.2

Con tecnología Koha